Guess The Taylor Swift Era by Picture of Taylor - Statistics

General Stats
  • This quiz has been taken 110 times
  • The average score is 15 of 16
Answer Stats
Picture Answer % Correct
Red
100%
1989
98%
evermore
98%
Fearless
98%
Red
97%
Speak Now
93%
1989
92%
Fearless
92%
Lover
92%
Red
92%
Reputation
92%
Lover
91%
Reputation
91%
folklore
90%
Midnights
90%
folklore
89%
No matching quizzes found
Score Distribution
Percent of People with Each Score
Percentile by Number Answered
Your Score History
You have not taken this quiz